United States - Mexico Border States - Statistics

General Stats
  • This quiz has been taken 41 times
  • The average score is 6 of 9
Answer Stats
States % Correct
California - Baja California
89%
Texas - Chihuahua
74%
Arizona - Sonora
68%
Arizona - Baja California
66%
New Mexico - Chihuahua
66%
New Mexico - Sonora
61%
Texas - Nuevo Leon
47%
Texas - Coahuila
45%
Texas - Tamaulipas
42%
No matching quizzes found
Score Distribution
Percent of People with Each Score
Percentile by Number Answered
Your Score History
You have not taken this quiz